000 00233nam a2200097Ia 4500
001 715306
005 20250826162922.0
008 250824s9999 xx 000 0 und d
245 0 _aHANDAN
_cHALİDE EDİP ADIVAR
260 _bCAN YAYINLARI
999 _c715306
_d715306